[Event "Aragon-chT Preferente A"]
[Site "Aragon"]
[Date "2014.03.08"]
[Round "7.52"]
[White "Rosa Garcia, Jesus"]
[Black "Santos Hernandez, Higinio"]
[Result "1-0"]
[WhiteElo "1689"]
[BlackElo "1660"]
[PlyCount "52"]
[EventDate "2014.01.25"]
[EventType "team-tourn"]
[EventRounds "9"]
[EventCountry "ESP"]
[SourceTitle "EXT 2015"]
[Source "ChessBase"]
[SourceDate "2014.11.20"]
[SourceVersion "1"]
[SourceVersionDate "2014.11.20"]
[SourceQuality "1"]
[WhiteTeam "Binefar"]
[BlackTeam "Shatranj"]
[WhiteTeamCountry "ESP"]
[BlackTeamCountry "ESP"]

1. b4 e5 2. Bb2 Bxb4 3. Bxe5 Nf6 4. Nf3 0-0 5. e3 d5 6. Be2 Nc6 7. Bb2 Bf5 8. 0-0 Qe7 9. c3 Bd6 10. d4 Rfe8 11. Nbd2 a6 12. c4 dxc4 13. Nxc4 Rad8 14. Nxd6 Qxd6 15. Nh4 Be4 16. Qb3 Bd5 17. Qa3 Qxa3 18. Bxa3 Nxd4 19. Bd3 Nc6 20. Rfc1 Bxg2 21. Bxh7+ Kxh7 22. Kxg2 Rd2 23. Nf3 Rd7 24. Bb2 Ne4 25. Rc4 Nd2 26. Rh4+ Kg8 1-0